00622nam a22001937a 450000500170000001000250001702000260004203500140006803500170008203700130009903700130011208200130012510000200013824501640015826000310032227000340035330000210038750000200040820180320140422.0 a1718EN-30 ENG-122317 a9780857503671c499.00 aEN-105849 aB-683689-705 bBSBadpl bDBAD/PUB a530.1092 aFerguson, Kitty aStephen hawking his life and work :cby Kitty FergusonbThe story and science of one of the most extraordinary, celebrated and courageous figurs of our time /  aLondonbBantam Booksc2016 a61-63, Uxbridge Road,bLondon a572p.c19cm(pbk) aIncludes index